The last word on management : Quotes and quips that offer the finest words of wisdom

Bibliographic Details
Other Authors: White, Rolf B. (Comp.by)
Format: Book
Published: London : W.Foulsham , 1988
Subjects:

MARC

LEADER 00000cam a2200000 7i4500
001 0000005747
002 000006212
005 20000330.0
020 |a 0572014740 
090 0 0 |a 080   |b LAS 
245 0 4 |a The last word on management :   |b Quotes and quips that offer the finest words of wisdom   |c Rolf B. White 
260 |a London :   |b W.Foulsham ,   |c 1988 
300 |a 280p. ;   |c 21cm. 
650 0 0 |a Business   |x Quatations#   |a Management   |x Quotations 
700 0 |a White, Rolf B. ,   |e Comp.by 
999 |a 031425   |b BUKU   |c PINJAMAN   |e PERPUSTAKAAN KOMUNITI PETALING JAYA